000 00291nam a2200109 a 4500
005 20200930074457.0
008 111105s2009 000 spa d
020 _a9786077842019
245 3 _aEl lado oscuro de la cooperación internacional :.
260 _aMéxico,
_c2009.
999 _c35108
_d35108
040 _aDO-SdBNP